Use Himālaya pāra bhagāo / (Record no. 82685)

MARC details
000 -LEADER
fixed length control field 00529cam a2200193 a 4500
001 - CONTROL NUMBER
control field sa 68009055
003 - CONTROL NUMBER IDENTIFIER
control field DLC
005 - DATE AND TIME OF LATEST TRANSACTION
control field 20260227112539.0
008 - FIXED-LENGTH DATA ELEMENTS--GENERAL INFORMATION
fixed length control field 840911s1963 ii 000 p hino
010 ## - LIBRARY OF CONGRESS CONTROL NUMBER
LC control number sa 68009055
040 ## - CATALOGING SOURCE
Original cataloging agency DLC
Transcribing agency DLC
050 00 - LIBRARY OF CONGRESS CALL NUMBER
Classification number PK2098.32.A6585
Item number U84 1963
100 1# - MAIN ENTRY--PERSONAL NAME
Personal name Pārīka, Rūpacanda,
Dates associated with a name 1935-
245 10 - TITLE STATEMENT
Title Use Himālaya pāra bhagāo /
Statement of responsibility, etc. Rūpacanda Pārīka.
260 ## - PUBLICATION, DISTRIBUTION, ETC.
Place of publication, distribution, etc. Jodhapura :
Name of publisher, distributor, etc. Prabhāta Prakāśana,
Date of publication, distribution, etc. [1963?]
300 ## - PHYSICAL DESCRIPTION
Extent 32 p. ;
Dimensions 18 cm.
500 ## - GENERAL NOTE
General note Poems.
546 ## - LANGUAGE NOTE
Language note In Hindi.

No items available.

Powered by Koha